000 00560cam a2200217 4500
001 D15469
008 090401t1982 xxu||||| |||| 00| 0 eng d
035 _a(Sirsi) u23045
041 _aeng
050 _a913.031
090 _a692.8
090 _aRICS 1982/15ABC
110 _aCouncil for British Archaeology
_91099
245 _aGuidelines for the preparation of contracts for archaeological excavations
260 _aLondon
_bCBA
_c1982
300 _a6p. 22cm
350 _a0
520 _aPrinted by the RICS.
942 _n0
948 _c04/03/1997
999 _c88307
_d88307